000 01551nam0a2200349 4500
001 RU\NLR\bibl\1442467
005 20260406075441.0
010 _a978-5-94966-193-2
_94000
021 _aRU
_b2009-80589
_95055
035 _a(NLR Aleph) 001434316
090 _a1422516
_c1422516
100 _a20090930d2009 |||y0rusy50 ca
101 0 _arus
102 _aRU
105 _aa |||||||||
200 1 _aОпределитель птиц России
_fР.Л. Беме, И.Р. Беме, А.А. Кузнецов
210 _aМосква
_cФолио
_d2009
215 _a302, [1] с.
_cцв. ил.
_d27
320 _aУказ. птиц России: с. 295-298
320 _aУказ. латин. назв.: с. 299-302
606 1 _aФранцузский язык
_jОпределители
_xПреподавание
_xМногонациональные классы
_92116705
_3RU\NLR\auth\661278655
686 _aЕ693.35(2Р)я28
700 1 _4070
_8rus
_7ca
_aБеме
_bР. Л.
_f1927-2000
_gРюрик Львович
_3RU\NLR\auth\775959
_9115916
701 1 _4070
_7ca
_8rus
_aБёме
_bИ. Р.
_f1954-
_gИрина Рюриковна
_9248634
_3RU\NLR\AUTH\770248690
701 1 _4070
_8rus
_7ca
_aКузнецов
_bА. А.
_cканд. биол. наук, историк, писатель
_f1926-2013
_gАлександр Александрович
_3RU\NLR\AUTH\7738499
_921483
801 0 _aRU
_bРКП
_c20090930
_grcr
801 1 _aRU
_bРГБ
_c20090930
801 2 _aRU
_bNLR
_c20091125
_grcr
942 _cBOOK
980 _aNB